Vietnam uprostred zmeny

Krajina juhovýchodnej Ázie ako dôležitý účastník medzinárodného obchodu. Počiatky vietnamského hospodárskeho zázraku.

Guardado en:
Detalles Bibliográficos
Autor principal: Fink, Karl
Formato: Capítulo de libro
Lenguaje:eslovaco
Materias:
Etiquetas: Agregar Etiqueta
Sin Etiquetas, Sea el primero en etiquetar este registro!

MARC

LEADER 00000naa a2200000 4500
001 0247978
005 20181001092141.0
041 0 |a slo 
044 |a SK 
245 1 0 |a Vietnam uprostred zmeny  |c Karl Fink 
520 |a Krajina juhovýchodnej Ázie ako dôležitý účastník medzinárodného obchodu. Počiatky vietnamského hospodárskeho zázraku. 
610 2 0 |a situácia hospodárska 
610 2 0 |a obchod medzinárodný 
610 2 0 |a Vietnam 
610 2 0 |a dohody obchodné 
100 1 |a Fink, Karl